000 01107nam a2200313Ia 4500
005 20210727153254.0
008 160601s2004 sp g 000 0 spa
020 _a8437617251
100 1 _aJoyce, James
_d1882-1941
245 1 0 _aUlises
_cJames Joyce ; edición y traducción de Francisco García Tortosa y María Luisa Venegas Lagüéns
250 _a4a edición
300 _aclxxxix, 910 páginas
_bilustraciones
_c18 cm
490 _aLetras universales
504 _aIncluye referencias bibliográficas
534 _tUlysses
650 1 4 _2LEMB
_aNovela irlandesa
_ySiglo XX
650 1 4 _2LEMB
_aLiteratura irlandesa
_ySiglo XX
650 1 4 _2LEMB
_aNovela histórica
650 1 4 _2LEMB
_aPsicología en la literatura
700 1 _aGarcía Tortosa, Francisco
_etraductor
700 1 _aVenegas Lagüéns, María Luisa
_etraductor
942 _2loc
_cBKLIT
264 _aMadrid
_bCátedra
_c2004
336 _atexto
_btxt
_2rdacontent
337 _asin mediación
_bn
_2rdamedia
338 _avolumen
_bnc
_2rdacarrier
040 _aCO-BoRNBP
_bspa
_erda
_cCO-BoRNBP
084 _aN JOY1
999 _c5167
_d5167